[Event "0pen Est 2012/2013"]
[Site "Aubagne"]
[Date "2012.12.15"]
[Round "3.22"]
[White "Mallet, Philippe"]
[Black "Moerenhout, Jean Claude"]
[Result "0-1"]
[WhiteElo "1499"]
[BlackElo "1380"]
[PlyCount "72"]

1. e4 e5 2. Nf3 Nc6 3. d3 Bc5 4. g3 Nf6 5. h3 d6 6. Bg2 O-O 7. O-O Be6 8. Nc3
h6 9. Re1 Qd7 10. Kh2 Bxf2 11. Rf1 Bc5 12. Qe2 a6 13. Be3 Bxe3 14. Qxe3 Nb4 15.
Qf2 b5 16. a3 Nc6 17. Rfd1 Rab8 18. d4 Bg4 19. dxe5 Bxf3 20. Bxf3 Nxe5 21. Qe2
c6 22. b3 b4 23. axb4 Rxb4 24. Rxa6 Rbb8 25. Rda1 Qb7 26. Ra7 Qb4 27. Qe3 Nxf3+
28. Qxf3 Rbe8 29. R1a4 Qb6 30. h4 Re5 31. R4a6 Qc5 32. Ra8 h5 33. Rxf8+ Kxf8
34. Kh3 Qg1 35. Rxc6 Ng4 36. Nd1 Qh2# 0-1

[Event "0pen Est 2012/2013"]
[Site "Aubagne"]
[Date "2012.12.15"]
[Round "3.23"]
[White "Bauden, Thomas"]
[Black "Pietrac, Christian"]
[Result "1-0"]
[WhiteElo "1200"]
[BlackElo "1499"]
[PlyCount "64"]

1. f4 g6 2. Nf3 Bg7 3. e3 d5 4. Be2 Nd7 5. Nc3 c6 6. b3 Ngf6 7. Bb2 O-O 8. O-O
b5 9. Qe1 h6 10. Nd1 Re8 11. h3 e6 12. Nf2 Bb7 13. g4 a5 14. Bd3 b4 15. g5 Nh5
16. Bxg7 Kxg7 17. gxh6+ Kh7 18. Ng5+ Kg8 19. Ng4 f5 20. Nh2 e5 21. Qh4 Ndf6 22.
Ng4 Ne4 23. h7+ Kg7 24. h8=Q+ Kxh8 25. Nf7+ Kg7 26. Nxd8 Raxd8 27. Bxe4 dxe4
28. fxe5 fxg4 29. hxg4 Rxd2 30. gxh5 Rh8 31. Qe7+ Kh6 32. hxg6 Rh7 1-0

[Event "0pen Est 2012/2013"]
[Site "Aubagne"]
[Date "2012.12.15"]
[Round "3.24"]
[White "Ganier, Philippe"]
[Black "Brongers, Claudine"]
[Result "1-0"]
[WhiteElo "1490"]
[BlackElo "1360"]
[PlyCount "73"]

1. e4 e5 2. Nf3 Nc6 3. d4 exd4 4. Nxd4 Bc5 5. Be3 Qf6 6. c3 Nge7 7. g3 Qg6 8.
Bg2 d6 9. O-O Ne5 10. Nd2 O-O 11. h3 f5 12. a4 a6 13. b4 Ba7 14. Rc1 c6 15. c4
c5 16. bxc5 Bxc5 17. exf5 Nxf5 18. Nxf5 Rxf5 19. Bxc5 dxc5 20. Be4 Qe6 21. Bd5
g6 22. Rc3 Bd7 23. Re3 Kg7 24. Bxe6 Bxe6 25. Rfe1 Kf6 26. f4 Re8 27. Rxe5 b6
28. Qf3 Kf7 29. Qc6 Rxe5 30. Rxe5 Re7 31. Qd6 Kf6 32. Ne4+ Kf7 33. Ng5+ Kf6 34.
Rxe6+ Rxe6 35. Qxe6+ Kg7 36. Qf7+ Kh8 37. Qxh7# 1-0

[Event "0pen Est 2012/2013"]
[Site "Aubagne"]
[Date "2012.12.??"]
[Round "3.25"]
[White "San-Nicolas, Robert"]
[Black "Garbe, Georges"]
[Result "1-0"]
[WhiteElo "1490"]
[BlackElo "1300"]
[PlyCount "69"]

1. d4 f6 2. e4 e5 3. Nf3 d6 4. h3 Nc6 5. dxe5 dxe5 6. Bd3 Nge7 7. O-O Ng6 8.
Nc3 h6 9. Qe2 Nd4 10. Nxd4 Qxd4 11. Rd1 Qc5 12. Na4 Qe7 13. Nc3 c6 14. Bc4 b5
15. Bb3 Be6 16. Be3 Nh4 17. Bxe6 Qxe6 18. a3 g5 19. Nxb5 Qe7 20. Nd6+ Kd7 21.
Nf5+ Kc7 22. Nxe7 Bxe7 23. b4 Ng6 24. Qc4 Rhf8 25. Qe6 Rad8 26. Bxa7 Bd6 27.
Qc4 Ne7 28. Bc5 Nc8 29. b5 Nb6 30. Bxb6+ Kb7 31. Qxc6+ Kb8 32. Bxd8 Rxd8 33.
Rxd6 Rc8 34. Qb6+ Ka8 35. Rd7 1-0

[Event "0pen Est 2012/2013"]
[Site "Aubagne"]
[Date "2012.12.15"]
[Round "3.26"]
[White "Conti, Guillaume"]
[Black "Masson, Wally"]
[Result "1-0"]
[WhiteElo "1480"]
[BlackElo "1240"]
[PlyCount "101"]

1. e4 e5 2. Nf3 Nc6 3. Bc4 Nf6 4. d3 Bc5 5. c3 O-O 6. b4 Bb6 7. a4 a5 8. b5 Ne7
9. Nxe5 d5 10. exd5 Nexd5 11. Bg5 h6 12. Bh4 Qd6 13. Nf3 Qe6+ 14. Qe2 Qxe2+ 15.
Kxe2 Re8+ 16. Kd2 c6 17. bxc6 bxc6 18. Nd4 Bd7 19. Bxf6 Nxf6 20. Re1 Bc7 21.
Rxe8+ Rxe8 22. g3 Ng4 23. Na3 Nxf2 24. Rf1 Ng4 25. Bxf7+ Kh7 26. Bxe8 Bxe8 27.
Rf8 Bg6 28. Rc8 Bd6 29. Nc4 Be5 30. Nxc6 Bf6 31. N6xa5 Bg5+ 32. Kc2 Nxh2 33.
Nb7 Nf3 34. Kb3 Bxd3 35. a5 Be4 36. a6 Bd5 37. Kb4 Bf6 38. Ncd6 Be7 39. a7 Bxb7
40. Kc5 Ne5 41. Rc7 Bxd6+ 42. Kxd6 Ba8 43. Kxe5 h5 44. Rc8 Bb7 45. a8=Q Bxa8
46. Rxa8 Kg6 47. Kf4 Kf6 48. Ra5 Ke6 49. c4 g6 50. Ra6+ Kf7 51. Kg5 1-0

[Event "0pen Est 2012/2013"]
[Site "Aubagne"]
[Date "2012.12.15"]
[Round "3.27"]
[White "Frontera, Pierre"]
[Black "Morata, Serge"]
[Result "1-0"]
[WhiteElo "1480"]
[BlackElo "1090"]
[PlyCount "97"]

1. c4 d6 2. Nc3 e6 3. Nf3 Nf6 4. e4 g6 5. Be2 Bg7 6. O-O O-O 7. d4 Nc6 8. d5 e5
9. dxc6 bxc6 10. b4 Rb8 11. b5 Bd7 12. a4 Qe7 13. h3 d5 14. Ba3 c5 15. cxd5
Rfd8 16. Qd2 Be8 17. Bd3 Rd7 18. Rac1 Nh5 19. Ne2 Qf8 20. Bxc5 Bh6 21. Bxf8
Bxd2 22. Nxd2 Kxf8 23. Nf3 f6 24. g4 Nf4 25. Nxf4 exf4 26. Nd4 Bf7 27. Rc5 Kg7
28. Bc4 Rb7 29. Re1 h5 30. e5 Re7 31. e6 Bg8 32. gxh5 Bh7 33. hxg6 Bxg6 34. h4
Kh6 35. Kh2 f5 36. f3 a6 37. Rg1 Kh5 38. Kh3 Rg7 39. Rg5+ Kh6 40. bxa6 Rb4 41.
a5 Rb1 42. Kg2 Rb2+ 43. Be2 Be8 44. Nxf5+ Kh7 45. Rxg7+ Kh8 46. Kf2 Rd2 47. a7
Bc6 48. Rxc6 Rxd5 49. a8=Q+ 1-0

[Event "0pen Est 2012/2013"]
[Site "Aubagne"]
[Date "2012.12.15"]
[Round "3.28"]
[White "Gamblin, Antoine"]
[Black "Pegon, Claude"]
[Result "1-0"]
[WhiteElo "1660"]
[BlackElo "1170"]
[PlyCount "57"]

1. d4 g6 2. e4 Bg7 3. Nf3 d6 4. Bc4 Nf6 5. Nc3 O-O 6. h3 c5 7. Be3 Bd7 8. dxc5
dxc5 9. Bxc5 Na6 10. Bd4 Nc7 11. Qd3 h6 12. a4 Rb8 13. Bxa7 Ra8 14. Bb6 Qc8 15.
O-O Bc6 16. Qe3 Rd8 17. Rfd1 Nd7 18. Bc5 Nxc5 19. Qxc5 Re8 20. Ne5 Ne6 21. Bxe6
Qxe6 22. Nxc6 Qxc6 23. Qxc6 bxc6 24. Rd3 e6 25. Rad1 c5 26. b3 Rab8 27. Ne2 Bf6
28. Rd6 Rb4 29. f3 1-0

[Event "0pen Est 2012/2013"]
[Site "Aubagne"]
[Date "2012.12.15"]
[Round "3.29"]
[White "Gamblin, Thibaut"]
[Black "Bessard, Serge"]
[Result "1-0"]
[WhiteElo "1481"]
[BlackElo "1420"]
[PlyCount "71"]

1. d4 d5 2. c4 c6 3. Nc3 Nf6 4. Nf3 g6 5. Bg5 Bg7 6. e3 O-O 7. h3 h6 8. Bxf6
Bxf6 9. cxd5 cxd5 10. Qb3 e6 11. Bd3 b6 12. O-O Nc6 13. Rac1 Na5 14. Qc2 Bg7
15. Ne2 f5 16. Nf4 Rf6 17. Ne5 g5 18. Nh5 Nc4 19. Nxf6+ Bxf6 20. Nxc4 dxc4 21.
Qxc4 Kg7 22. Qc7+ Bd7 23. Qxd8 Rxd8 24. Rc7 Kg6 25. Rxa7 Bc6 26. Rc1 Bd5 27. b3
Be4 28. Bxe4 fxe4 29. Ra6 Rd6 30. Rc8 e5 31. dxe5 Rd1+ 32. Kh2 Bxe5+ 33. g3 Rd2
34. Kg2 Kh5 35. Rxb6 Rxa2 36. g4+ 1-0

[Event "0pen Est 2012/2013"]
[Site "Aubagne"]
[Date "2012.12.15"]
[Round "3.30"]
[White "Catanese, Sauveur"]
[Black "Brozzoni, Alessandro"]
[Result "0-1"]
[WhiteElo "1170"]
[BlackElo "1199"]
[PlyCount "86"]

1. d4 Nf6 2. c4 c5 3. d5 e6 4. Nc3 exd5 5. Nxd5 Nxd5 6. Qxd5 d6 7. Bd2 g6 8. e3
Bg7 9. Qe4+ Qe7 10. Qxe7+ Kxe7 11. Rb1 Bf5 12. Rc1 Bxb2 13. Bc3 Bxc3+ 14. Rxc3
Nc6 15. a3 Rad8 16. f3 d5 17. cxd5 Rxd5 18. e4 Re5 19. Ne2 Be6 20. g3 Nd4 21.
Nxd4 cxd4 22. Rc7+ Kf6 23. Rxb7 Ra5 24. Be2 Rxa3 25. O-O d3 26. Bd1 d2 27. f4
Rd8 28. e5+ Kg7 29. Kg2 Bd5+ 30. Kf2 Bxb7 31. g4 a5 32. Kg1 Rdd3 33. f5 gxf5
34. Rxf5 Be4 35. Rg5+ Kh6 36. Rh5+ Kg7 37. h4 Bf3 38. Rg5+ Kh6 39. Rh5+ Kg7 40.
Rg5+ Kf8 41. Rf5 Bxd1 42. e6 Bxg4 43. Rxf7+ Ke8 0-1

[Event "0pen Est 2012/2013"]
[Site "Aubagne"]
[Date "2012.12.15"]
[Round "3.32"]
[White "Chouard, Hugo"]
[Black "Renoulet, Francoise"]
[Result "1-0"]
[WhiteElo "1199"]
[BlackElo "1499"]
[PlyCount "47"]

1. e4 c5 2. Nc3 Nc6 3. Bc4 b6 4. d3 Bb7 5. Nge2 d6 6. Bf4 e5 7. O-O Nge7 8. Bg5
g6 9. Ng3 Bg7 10. Re1 O-O 11. Nce2 a5 12. Qd2 Re8 13. Rad1 h5 14. Nc3 Qd7 15.
Bd5 Rf8 16. Bxc6 Bxc6 17. Bh6 g5 18. Bxg5 Qg4 19. Bxe7 Rfe8 20. f3 Qe6 21. Bh4
a4 22. Nxh5 b5 23. Qg5 Rf8 24. Qxg7# 1-0

[Event "0pen Est 2012/2013"]
[Site "Aubagne"]
[Date "2012.12.15"]
[Round "3.33"]
[White "Rieu, Jean"]
[Black "Escaillon, Gilbert"]
[Result "1-0"]
[WhiteElo "1410"]
[BlackElo "1190"]
[PlyCount "91"]

1. Nf3 d5 2. e3 Nf6 3. d4 Bf5 4. Be2 Nc6 5. Nc3 e6 6. O-O Bd6 7. Re1 O-O 8. Bd3
Ne4 9. Bxe4 dxe4 10. Nd2 Qg5 11. Ndxe4 Qh5 12. Qxh5 g6 13. Qh6 Be7 14. h4 Nb4
15. Re2 Bg4 16. f3 Bf5 17. g4 Bxe4 18. Nxe4 Nd5 19. c4 Nf6 20. Nxf6+ Bxf6 21.
g5 Bg7 22. Qxg7+ Kxg7 23. b3 f6 24. Bb2 fxg5 25. d5+ Kg8 26. Rf1 gxh4 27. Rd2
exd5 28. Rxd5 Rad8 29. Rxd8 Rxd8 30. f4 Rd2 31. Be5 c6 32. f5 g5 33. f6 Kf7 34.
Rf5 h6 35. Rf2 Rd3 36. Bd4 g4 37. Rf4 h5 38. Re4 b6 39. Re7+ Kf8 40. Rh7 c5 41.
Rh8+ Kf7 42. Rh7+ Kf8 43. Be5 Rxe3 44. Bd6+ Ke8 45. f7+ Kd7 46. f8=Q+ 1-0

[Event "0pen Est 2012/2013"]
[Site "Aubagne"]
[Date "2012.12.15"]
[Round "3.34"]
[White "Periale, Francine"]
[Black "Benezra, Ruthy"]
[Result "0-1"]
[WhiteElo "1110"]
[BlackElo "1357"]
[PlyCount "92"]

1. Nf3 Nc6 2. c4 e5 3. d3 Bb4+ 4. Bd2 Bxd2+ 5. Qxd2 Nf6 6. Nc3 O-O 7. g3 d6 8.
Bg2 Bf5 9. e4 Bg4 10. O-O Qd7 11. Nd5 Nxd5 12. exd5 Bxf3 13. Bxf3 Nd4 14. Bg2
Qg4 15. Rfe1 Nf3+ 16. Bxf3 Qxf3 17. Qe3 Qg4 18. Rac1 f5 19. Kg2 Rf6 20. h3 Qh5
21. Qe2 Qxe2 22. Rxe2 f4 23. Kg1 fxg3 24. fxg3 Rf3 25. Kg2 Rxd3 26. h4 Rf8 27.
b3 Rff3 28. Kg1 Rxg3+ 29. Rg2 Rxg2+ 30. Kxg2 Rd2+ 31. Kf1 Rxa2 32. h5 g6 33.
hxg6 hxg6 34. Kg1 g5 35. Rf1 Kg7 36. Rf5 Kg6 37. Rf8 Ra5 38. Rg8+ Kf5 39. Rf8+
Kg4 40. Rf2 Kg3 41. Rg2+ Kf4 42. Kf2 Ra2+ 43. Kg1 Rxg2+ 44. Kxg2 e4 45. Kf1 Kf3
46. Ke1 g4 0-1

[Event "0pen Est 2012/2013"]
[Site "Aubagne"]
[Date "2012.12.15"]
[Round "3.35"]
[White "Cotton, Paul"]
[Black "Conti, Beatrice"]
[Result "1-0"]
[WhiteElo "1320"]
[BlackElo "1130"]
[PlyCount "109"]

1. Nf3 d6 2. g3 g6 3. c4 e5 4. Nc3 c6 5. Bg2 Bf5 6. d3 Bg7 7. O-O Nf6 8. h3 e4
9. Nd4 Bd7 10. dxe4 c5 11. Ndb5 Bxb5 12. Nxb5 Bf8 13. e5 a6 14. Nxd6+ Bxd6 15.
exd6 O-O 16. Bxb7 Ra7 17. Bg2 Ne8 18. Bh6 Ng7 19. Qd5 Qb6 20. b3 Re8 21. e4 Nd7
22. Qd2 Re6 23. Rfd1 Nf8 24. Qc3 f6 25. f4 Rxd6 26. Rd5 Qb4 27. Qxb4 cxb4 28.
Rxd6 Rd7 29. Rxd7 Nxd7 30. Rd1 Nc5 31. e5 fxe5 32. Bd5+ Nce6 33. Bxe6+ Nxe6 34.
fxe5 Kf7 35. Rd6 g5 36. Rxa6 Nd4 37. Rf6+ Ke7 38. Bxg5 Ne2+ 39. Kf2 Nd4 40.
Rf4+ Ke6 41. Rxd4 Kxe5 42. Ke3 Kf5 43. Bf4 h5 44. Rd5+ Ke6 45. Ke4 Kf6 46. Rd6+
Ke7 47. Kf5 h4 48. gxh4 Kf7 49. Rd7+ Ke8 50. Ra7 Kd8 51. Bc1 Kc8 52. Ke6 Kb8
53. Rh7 Kc8 54. Kd6 Kd8 55. Rh8# 1-0

[Event "0pen Est 2012/2013"]
[Site "Aubagne"]
[Date "2012.12.15"]
[Round "3.36"]
[White "Monteil, Marie-Joseph"]
[Black "Gianfranceschi, Gerard"]
[Result "1-0"]
[WhiteElo "1290"]
[BlackElo "1010"]
[PlyCount "57"]

1. e4 e5 2. Nf3 Nf6 3. d4 d6 4. Bd3 Bg4 5. d5 c6 6. c4 Nbd7 7. Nc3 Nc5 8. Bc2
Qa5 9. O-O Qb4 10. Bd3 cxd5 11. cxd5 Nfxe4 12. a3 Qa5 13. b4 Qb6 14. bxc5 Qxc5
15. Nxe4 Qxd5 16. h3 Bf5 17. Re1 Be7 18. Bb2 f6 19. Qa4+ Bd7 20. Qc4 Be6 21.
Qxd5 Bxd5 22. Nfd2 g6 23. Bb5+ Kf7 24. Rac1 f5 25. Nc3 Bg5 26. Nxd5 Bxd2 27.
Rc7+ Ke6 28. Rd1 Ba5 29. Re7# 1-0

[Event "0pen Est 2012/2013"]
[Site "Aubagne"]
[Date "2012.12.15"]
[Round "3.37"]
[White "Maestracci, Monique"]
[Black "Jacquemard, Jean"]
[Result "0-1"]
[WhiteElo "1090"]
[BlackElo "1270"]
[PlyCount "76"]

1. e4 e6 2. Nf3 d6 3. d4 Be7 4. Nc3 Bd7 5. Be2 Nf6 6. h3 O-O 7. O-O e5 8. dxe5
dxe5 9. Bc4 Nc6 10. Nxe5 Nxe5 11. b3 a6 12. Bb2 Bd6 13. f3 b5 14. Be2 Bc5+ 15.
Kh1 c6 16. a4 Nh5 17. Qe1 Qc7 18. axb5 axb5 19. f4 Rxa1 20. Bxa1 Nxf4 21. Rxf4
Bd6 22. Qg3 Ng6 23. Nd5 cxd5 24. Bd3 Bxf4 25. Qf3 Be5 26. Qf1 Ra8 27. Bxe5 Qxe5
28. Qf2 Ra1+ 29. Bf1 h6 30. g3 Bxh3 31. Kh2 Rxf1 32. Qe3 d4 33. Qe2 Qe6 34.
Qxb5 Rf2+ 35. Kg1 Rg2+ 36. Kh1 Qxe4 37. Qb4 Rxg3+ 38. Kh2 Qg2# 0-1

[Event "0pen Est 2012/2013"]
[Site "Aubagne"]
[Date "2012.12.15"]
[Round "3.38"]
[White "Turpin, Isabelle"]
[Black "Lognos, Lina"]
[Result "0-1"]
[WhiteElo "1070"]
[BlackElo "1207"]
[PlyCount "106"]

1. Nf3 c5 2. d3 g6 3. Bd2 Nf6 4. c4 Bg7 5. Nc3 O-O 6. g3 d6 7. Bg2 Bd7 8. Qc2
Nc6 9. a3 a6 10. O-O-O Na7 11. d4 cxd4 12. Nxd4 Bc6 13. Nf3 Qd7 14. b3 b5 15.
Qd3 Rab8 16. b4 Ng4 17. Bh3 Nxf2 18. Bxd7 Nxd3+ 19. exd3 Bxd7 20. Rhe1 Bg4 21.
Re3 Bxf3 22. Rxf3 Nc6 23. Bf4 Nd4 24. Re3 Nf5 25. Re4 Bxc3 26. c5 Rbc8 27. Kc2
Bg7 28. g4 Nd4+ 29. Kd2 Nf3+ 30. Ke2 Nxh2 31. Kd2 Nxg4 32. Rxe7 dxc5 33. Re4
Nf2 34. Bd6 Nxe4+ 35. Ke2 Nxd6 36. Rc1 Rfe8+ 37. Kf3 c4 38. dxc4 bxc4 39. a4 c3
40. b5 axb5 41. a5 Nc4 42. a6 Nb6 43. Rb1 c2 44. Rc1 Rc3+ 45. Kf4 Be5+ 46. Kg4
Ra8 47. Ra1 c1=Q 48. a7 Rc4+ 49. Kf3 Qxa1 50. Ke2 Qa3 51. Kd2 Rh4 52. Ke2 Rh2+
53. Kf1 Qa1# 0-1

[Event "0pen Est 2012/2013"]
[Site "Aubagne"]
[Date "2013.02.02"]
[Round "5.1"]
[White "Israel, Daniel"]
[Black "Massardo, Quentin"]
[Result "1-0"]
[WhiteElo "1817"]
[BlackElo "1663"]
[PlyCount "75"]

1. b3 Nf6 2. Bb2 e6 3. e3 b6 4. f4 Bb7 5. Nf3 Bc5 6. Be2 Nc6 7. a3 Ne7 8. b4
Bd6 9. c4 c5 10. b5 Nf5 11. Bd3 Ne4 12. O-O Nh4 13. Nxh4 Qxh4 14. Bxe4 Bxe4 15.
d3 Bb7 16. Nd2 f6 17. Nf3 Qg4 18. Qd2 h5 19. h3 Qg3 20. Nh2 Rh6 21. e4 g5 22.
Rf3 Bxf4 23. Rxg3 Bxd2 24. Nf1 Bf4 25. Rf3 h4 26. Ne3 f5 27. Re1 fxe4 28. dxe4
Bxe4 29. Rxf4 gxf4 30. Ng4 Rg6 31. Rxe4 Ke7 32. Rxf4 d5 33. Ne5 Rg7 34. Nc6+
Kd6 35. Bxg7 a6 36. Be5+ Kd7 37. Rf7+ Ke8 38. Rh7 1-0

[Event "0pen Est 2012/2013"]
[Site "Aubagne"]
[Date "2013.02.02"]
[Round "5.2"]
[White "Cescon, Moreno"]
[Black "Salvi, Michel"]
[Result "1-0"]
[WhiteElo "1715"]
[BlackElo "1588"]
[PlyCount "69"]

1. e4 e5 2. Bc4 Bc5 3. Nf3 Qf6 4. O-O d6 5. c3 Nc6 6. b4 Bb6 7. Bd5 Nge7 8. a4
a6 9. Bb3 Bg4 10. d3 O-O 11. Be3 Bxf3 12. Qxf3 Qxf3 13. gxf3 Kh8 14. Nd2 Ba7
15. b5 Na5 16. bxa6 b6 17. f4 f5 18. exf5 exf4 19. Bxf4 Rxf5 20. Bg3 Nxb3 21.
Nxb3 Rf3 22. Rad1 Nf5 23. Kg2 Nxg3 24. fxg3 Rxf1 25. Rxf1 h6 26. Nd4 Kg8 27.
Re1 Kf7 28. Nc6 Bb8 29. Re7+ Kf8 30. Rd7 g5 31. Rd8+ Kf7 32. a7 Rxa7 33. Nxa7
Bxa7 34. Ra8 Kf6 35. Rxa7 1-0

[Event "0pen Est 2012/2013"]
[Site "Aubagne"]
[Date "2013.02.02"]
[Round "5.3"]
[White "Gambino, Max"]
[Black "Vialette, Eric"]
[Result "1/2-1/2"]
[WhiteElo "1620"]
[BlackElo "1719"]
[PlyCount "63"]

1. e4 d6 2. d4 Nf6 3. Nc3 g6 4. f4 Bg7 5. Nf3 Bg4 6. Bd3 Nc6 7. Be3 Nd7 8. d5
Nd4 9. Bxd4 Bxd4 10. Qd2 Bxf3 11. gxf3 e6 12. Bc4 Qh4+ 13. Kd1 e5 14. fxe5 Bxe5
15. Bb5 a6 16. Bxd7+ Kxd7 17. Qg2 f5 18. Kd2 Rae8 19. Kd3 Qf6 20. Rae1 Kc8 21.
Re2 b5 22. exf5 gxf5 23. Rhe1 f4 24. Ne4 Qf7 25. Qg4+ Kb8 26. c4 bxc4+ 27. Kxc4
c6 28. Nc3 Rc8 29. Kd3 Bxc3 30. bxc3 Qxd5+ 31. Kc2 Qxa2+ 32. Kc1 1/2-1/2

[Event "0pen Est 2012/2013"]
[Site "Aubagne"]
[Date "2013.02.02"]
[Round "5.4"]
[White "Bertrand, Frederic"]
[Black "Gallo, Nicolas"]
[Result "1-0"]
[WhiteElo "1720"]
[BlackElo "1499"]
[PlyCount "75"]

1. d4 d5 2. g3 Nf6 3. Nf3 Nc6 4. Bg2 Bf5 5. e3 Nb4 6. Na3 e6 7. Ne5 c5 8. c3
Na6 9. Qa4+ Nd7 10. O-O Bd6 11. c4 Bxe5 12. dxe5 O-O 13. cxd5 Nb4 14. dxe6 Nxe5
15. exf7+ Rxf7 16. e4 Bd7 17. Qd1 Qc8 18. f4 Ned3 19. Nc4 Bg4 20. Qb3 Qd8 21.
Be3 b5 22. Ne5 Nxe5 23. fxe5 Bh5 24. Rxf7 Bxf7 25. e6 Bg6 26. e7+ Bf7 27.
exd8=Q+ Rxd8 28. Qc3 Bc4 29. Bxc5 a5 30. Bxb4 axb4 31. Qxb4 g6 32. b3 Bd3 33.
Bf1 Bc2 34. Bxb5 Bd1 35. Qe7 Rd2 36. Bc4+ Rd5 37. Bxd5+ Kh8 38. Qf8# 1-0

[Event "0pen Est 2012/2013"]
[Site "Aubagne"]
[Date "2013.02.02"]
[Round "5.5"]
[White "Gamblin, Vincent"]
[Black "Benezra, Amos"]
[Result "0-1"]
[WhiteElo "1510"]
[BlackElo "1712"]
[PlyCount "52"]

1. e4 c5 2. Nf3 a6 3. d4 cxd4 4. Nxd4 Nf6 5. Nc3 e5 6. Nf3 Bb4 7. Bd3 Nc6 8.
Bd2 d5 9. exd5 Nxd5 10. Ne4 f5 11. Ng3 e4 12. Nxe4 fxe4 13. Bxe4 O-O 14. c3 Bc5
15. b4 Qe7 16. Qe2 Nf6 17. Ng5 Nxe4 18. Qc4+ Kh8 19. Nxe4 Bxf2+ 20. Kd1 Bg4+
21. Kc2 Bf5 22. Kb2 Qxe4 23. Qxe4 Bxe4 24. h4 Bxg2 25. Rh2 Be4 26. Rf1 Nxb4 0-1

[Event "0pen Est 2012/2013"]
[Site "Aubagne"]
[Date "2013.02.02"]
[Round "5.6"]
[White "Velut, Pierre-Marie"]
[Black "Gomez, Jean-Luc"]
[Result "1-0"]
[WhiteElo "1500"]
[BlackElo "1690"]
[PlyCount "80"]

1. d4 d5 2. c4 c6 3. e3 Nf6 4. Nc3 Bf5 5. Nf3 e6 6. a3 Bd6 7. cxd5 cxd5 8. Bb5+
Nbd7 9. O-O O-O 10. Nh4 Bg4 11. Nf3 e5 12. Be2 Bxf3 13. Bxf3 e4 14. Be2 a6 15.
f4 Rc8 16. Qb3 Nb6 17. Bd2 Bc7 18. Rac1 Re8 19. Na4 Nxa4 20. Qxa4 Qe7 21. Rc3
h6 22. Rfc1 Qd6 23. Be1 Re7 24. Bg3 b5 25. Qc2 Ne8 26. Bg4 Rb8 27. f5 Qb6 28.
Bxc7 Nxc7 29. Rxc7 Rb7 30. Rxe7 Rxe7 31. Qc5 Qf6 32. Qxd5 Qg5 33. Rc8+ Kh7 34.
Rc3 Qxg4 35. h3 Qh4 36. Qd6 Ra7 37. Qb6 Qe7 38. Rc8 g6 39. fxg6+ fxg6 40. Qd8
Kg7 1-0

[Event "0pen Est 2012/2013"]
[Site "Aubagne"]
[Date "2013.02.02"]
[Round "5.7"]
[White "Ganier, Philippe"]
[Black "Gomez, Guy"]
[Result "1/2-1/2"]
[WhiteElo "1490"]
[BlackElo "1652"]
[PlyCount "103"]

1. Nf3 d5 2. d3 Nf6 3. g3 Nc6 4. Bg2 e5 5. O-O Be7 6. Nbd2 Bg4 7. e4 Nd4 8. c3
Nxf3+ 9. Nxf3 dxe4 10. dxe4 Qxd1 11. Rxd1 Nxe4 12. Re1 Nc5 13. Nxe5 Be6 14. Be3
Rb8 15. Rad1 a5 16. Nc4 Nd3 17. Rxd3 Bxc4 18. Rd4 Be6 19. Bf4 Bc5 20. Rd2 Bb6
21. Bh3 O-O 22. Bxe6 fxe6 23. Rxe6 Rbc8 24. Re7 Rf7 25. Rxf7 Kxf7 26. Rd7+ Kf6
27. h4 h6 28. g4 Rf8 29. Bxc7 Bxf2+ 30. Kg2 Bxh4 31. Bxa5 Ra8 32. Bb4 Rxa2 33.
Rxb7 Rxb2+ 34. Kf3 Rf2+ 35. Ke3 g5 36. Bf8 Rf4 37. Rb4 Rf1 38. Rb5 Re1+ 39. Kd4
Bf2+ 40. Kd3 Bg3 41. Bxh6 Bf4 42. Bf8 Rg1 43. Rb6+ Kf7 44. Bc5 Rxg4 45. Bd4 Rh4
46. Ke2 Rh2+ 47. Kf3 Rh3+ 48. Kg2 Rd3 49. Rf6+ Ke7 50. Rg6 Rd2+ 51. Kf3 Rc2 52.
Kg4 1/2-1/2

[Event "0pen Est 2012/2013"]
[Site "Aubagne"]
[Date "2013.02.02"]
[Round "5.10"]
[White "Cocordano, Claire"]
[Black "Frontera, Pierre"]
[Result "1-0"]
[WhiteElo "1529"]
[BlackElo "1420"]
[PlyCount "91"]

1. e4 e5 2. Nf3 Nc6 3. d4 exd4 4. Nxd4 Nge7 5. Be3 g6 6. Bc4 Ne5 7. Bb3 Bg7 8.
c3 a6 9. O-O c5 10. Nf3 c4 11. Bc2 N7c6 12. Nxe5 Nxe5 13. Nd2 b5 14. Bd4 d6 15.
f4 O-O 16. fxe5 dxe5 17. Bf2 Qe7 18. Qe2 Be6 19. Qe3 Rfc8 20. Nf3 Bf6 21. Rad1
Kg7 22. Bg3 Qc7 23. Rd2 h6 24. Rfd1 g5 25. Rd6 Qc5 26. Qxc5 Rxc5 27. Bf2 Rcc8
28. h3 h5 29. Be3 Kg6 30. Rf1 g4 31. hxg4 hxg4 32. Nd4 Re8 33. Nxe6 Rxe6 34.
Rxe6 fxe6 35. Rd1 Be7 36. Rd7 Kf6 37. Bd1 Rg8 38. b3 g3 39. b4 Rd8 40. Rxd8
Bxd8 41. Kf1 a5 42. a3 Ke7 43. Ke2 Kf7 44. Kf3 Bh4 45. Kg4 axb4 46. axb4 1-0

[Event "0pen Est 2012/2013"]
[Site "Aubagne"]
[Date "2013.02.02"]
[Round "5.12"]
[White "Gamblin, Thibaut"]
[Black "Gamblin, Antoine"]
[Result "1-0"]
[WhiteElo "1442"]
[BlackElo "1338"]
[PlyCount "124"]

1. d4 d5 2. c4 c6 3. Nc3 Nf6 4. Nf3 Bg4 5. cxd5 cxd5 6. Ne5 Bf5 7. Qb3 Nc6 8.
Nxc6 bxc6 9. Bf4 e6 10. h3 Bd6 11. Bxd6 Qxd6 12. e3 O-O 13. Qd1 Rab8 14. b3 Qb4
15. Qd2 Ne4 16. Nxe4 Bxe4 17. Qxb4 Rxb4 18. f3 Bg6 19. Kd2 Rc8 20. Kc3 Rbb8 21.
h4 a6 22. Bd3 Bxd3 23. Kxd3 c5 24. dxc5 Rxc5 25. Rhc1 Rbc8 26. Rxc5 Rxc5 27.
Kd2 Kf8 28. Rc1 Rxc1 29. Kxc1 Ke7 30. Kd2 Kd6 31. b4 Kc6 32. Kc3 Kb5 33. Kb3 e5
34. a4+ Kb6 35. Kc3 h6 36. f4 f6 37. h5 Kc6 38. Kd3 e4+ 39. Kd4 Kd6 40. b5 axb5
41. axb5 f5 42. b6 Kc6 43. b7 Kxb7 44. Kxd5 Kb6 45. Ke5 Kc5 46. Kxf5 Kd5 47. g3
Kd6 48. Kxe4 Ke6 49. g4 Kf6 50. Kd5 Ke7 51. e4 Kd7 52. g5 hxg5 53. fxg5 Ke7 54.
Ke5 Kf7 55. Kf5 g6+ 56. hxg6+ Kg7 57. e5 Kg8 58. Kf6 Kh8 59. g7+ Kh7 60. Ke6
Kg8 61. Ke7 Kh7 62. g6+ Kh6 1-0

[Event "0pen Est 2012/2013"]
[Site "Aubagne"]
[Date "2013.02.02"]
[Round "5.13"]
[White "Vicari-Vento, Salvatore"]
[Black "Akli, Robert"]
[Result "1-0"]
[WhiteElo "1607"]
[BlackElo "1510"]
[PlyCount "79"]

1. e4 g6 2. d4 Bg7 3. Nf3 d6 4. c3 Nf6 5. Nbd2 O-O 6. Bc4 a6 7. O-O b5 8. Be2
Bb7 9. d5 Nbd7 10. h3 Nc5 11. Qc2 c6 12. b4 Na4 13. dxc6 Bxc6 14. Nd4 Bb7 15.
Bf3 Nd7 16. Bb2 Rc8 17. c4 Qc7 18. e5 Bxe5 19. Bxb7 Qxb7 20. N2f3 Rxc4 21. Qe2
Nxb2 22. Qxb2 Bg7 23. Rac1 Nb6 24. Rxc4 Nxc4 25. Qe2 Ne5 26. Nxe5 Bxe5 27. Nf3
Bg7 28. Re1 Rc8 29. Rd1 Qc7 30. a3 Qc4 31. Qe3 Qc7 32. Nd2 Qc2 33. Re1 Qa4 34.
Ne4 Be5 35. f4 Bg7 36. Nxd6 Rd8 37. Qxe7 Rxd6 38. Qxd6 Qxa3 39. Re8+ Bf8 40.
Qxf8# 1-0

[Event "0pen Est 2012/2013"]
[Site "Aubagne"]
[Date "2013.02.02"]
[Round "5.14"]
[White "Rieu, Jean"]
[Black "Fournier, Alain"]
[Result "0-1"]
[WhiteElo "1420"]
[BlackElo "1730"]
[PlyCount "76"]

1. Nf3 Nc6 2. e4 e5 3. d3 Nf6 4. Nc3 Bb4 5. Be2 d5 6. O-O Bxc3 7. bxc3 dxe4 8.
dxe4 Qxd1 9. Rxd1 Nxe4 10. Bb2 O-O 11. Bb5 Bg4 12. Bxc6 bxc6 13. c4 f6 14. h3
Be6 15. Nh4 Rfd8 16. Rab1 Rab8 17. Rxd8+ Rxd8 18. Ba3 Nd2 19. Rb7 Nxc4 20. Bc5
Rd1+ 21. Kh2 g5 22. Rb8+ Kg7 23. Bf8+ Kf7 24. Bh6 gxh4 25. Bf8 Nb6 26. Bc5 Nd7
27. Rh8 Nxc5 28. Rxh7+ Kg6 29. Rxh4 Rd2 30. Rh8 Rxf2 31. h4 Bd5 32. h5+ Kg7 33.
Ra8 Rxg2+ 34. Kh3 Ne6 35. Rxa7 Kh6 36. Ra8 Ng5+ 37. Kh4 Bf3 38. Ra3 Rg4# 0-1

[Event "0pen Est 2012/2013"]
[Site "Aubagne"]
[Date "2013.02.02"]
[Round "5.15"]
[White "Leadbetter, Peter"]
[Black "Veith, Irene"]
[Result "1-0"]
[WhiteElo "1570"]
[BlackElo "1420"]
[PlyCount "85"]

1. d4 Nf6 2. c4 e6 3. Nc3 b6 4. Nf3 Bb7 5. e3 Be7 6. Bd3 a6 7. O-O d6 8. e4 d5
9. cxd5 exd5 10. e5 Ne4 11. Qc2 Nxc3 12. Qxc3 O-O 13. Bf4 Nd7 14. Qc2 g6 15.
Rfe1 c5 16. dxc5 Nxc5 17. Bh6 Re8 18. Nd4 Nxd3 19. Qxd3 Rc8 20. Rec1 Bc5 21.
Nf3 d4 22. Bg5 Qd7 23. Bf6 Bc6 24. Qd2 Bf8 25. Qxd4 Qf5 26. Rc3 b5 27. a3 h6
28. Qe3 Qh5 29. Rac1 Re6 30. Nd4 Bb7 31. Nxe6 fxe6 32. Rxc8 Bxc8 33. f3 Bb7 34.
Rc7 Bd5 35. Rc8 g5 36. Qb6 Qf7 37. Be7 Kh7 38. Bxf8 Kg6 39. Rc7 Qf5 40. Rg7+
Kh5 41. g4+ Kh4 42. Qf2+ Kh3 43. Qg3# 1-0

[Event "0pen Est 2012/2013"]
[Site "Aubagne"]
[Date "2013.02.02"]
[Round "5.16"]
[White "Besucco, Guy"]
[Black "Conti, Guillaume"]
[Result "1-0"]
[WhiteElo "1410"]
[BlackElo "1510"]
[PlyCount "67"]

1. c4 e5 2. Nc3 Nf6 3. e4 Bc5 4. h3 O-O 5. g3 c6 6. Bg2 Qb6 7. Qe2 d6 8. Nf3
Be6 9. d3 Re8 10. b3 Qa5 11. Bb2 Bb4 12. Qd2 d5 13. a3 Bf8 14. O-O d4 15. b4
dxc3 16. Bxc3 Qc7 17. Nxe5 Nbd7 18. Nf3 Rad8 19. Qe3 c5 20. b5 Bd6 21. e5 Nxe5
22. Bxe5 Bxh3 23. Bxh3 Bxe5 24. Nxe5 Rxe5 25. Qd2 Qd6 26. f4 Rh5 27. Kg2 Qxd3
28. Qxd3 Rxd3 29. Rfd1 Rxd1 30. Rxd1 Kf8 31. g4 Rh6 32. g5 Rh4 33. gxf6 Rxf4
34. Rd8# 1-0